Online Catalogue and eLibrary

Ethnic identity and the status of women : (Record no. 251)

MARC details
000 -LEADER
fixed length control field 00366nam a22001337a 4500
005 - DATE AND TIME OF LATEST TRANSACTION
control field 20240131235157.0
008 - FIXED-LENGTH DATA ELEMENTS--GENERAL INFORMATION
fixed length control field 240131b |||||||| |||| 00| 0 eng d
082 ## - DDC Classification
DDC Edition Number 22
Class No. 305.8.
245 ## - TITLE STATEMENT
Title Ethnic identity and the status of women :
260 ## - PUBLICATION, DISTRIBUTION, ETC.
Place of publication, distribution, etc. Sri Lanka,
Name of publisher, distributor, etc. International Centre for ethnic studies,
Date of publication, distribution, etc. 1984.
300 ## - PHYSICAL DESCRIPTION
Extent (e.g. Volumes, Pages etc.) 26 p.,
650 ## - SUBJECT ADDED ENTRY--TOPICAL TERM
Topical term or geographic name entry element Social class.
942 ## - Koha item type (Biblio)
Koha item type Books in Stacks (Lending)
Holdings
Lost status Damaged status Collection code Home library Current library Date acquired Full call number Accession Number Item type
    Lending WERC Library WERC Library 02/01/2024 305.8. 473 Books in Stacks (Lending)

© WERC Library